000 00434nam a2200181Ia 4500
003 GCL
040 _aGCL /
_cGCL
082 0 4 _a492.7
_bG A
100 1 _aGAUBE, HEINZ
245 1 0 _aARABISCHE INSCHRIFTEN AUS SYRIEN /
_cGAUBE, HEINZ
260 _a[S.N] :
_bORIENT INSTITUT DMG ،
_c1987
300 _a201 PP
650 0 4 _aARABIC LANGUAGE
650 0 4 _aSYRIA
650 0 4 _aARABIC SCRIPT
650 0 4 _aLANGUAGES
942 _2ddc
_cBK
999 _c19118
_d19118